Country vs. Country: GDP #2 - Statistics

General Stats
  • This quiz has been taken 50 times
  • The average score is 11 of 15
Answer Stats
Question Answer % Correct
Iceland or Ireland? Ireland
100%
Italy or Egypt? Italy
100%
Brazil or Greece? Brazil
88%
Mongolia or Cameroon? Cameroon
88%
Bhutan or El Salvador El Salvador
88%
Estonia or Cambodia? Estonia
88%
North Korea or South Sudan? North Korea
88%
Singapore or Portugal? Singapore
88%
Palau or San Marino? San Marino
75%
Paraguay or North Macedonia? Paraguay
63%
Germany or Japan? Japan
50%
Qatar or Netherlands? Netherlands
50%
Zimbabwe or Brunei? Zimbabwe
50%
Lesotho or Maldives? Maldives
38%
Guinea or Guyana? Guinea
13%
No matching quizzes found
Score Distribution
Percent of People with Each Score
Percentile by Number Answered
Your Score History
You have not taken this quiz